| 000 | 00500nam a2200157 a 4500 | ||
|---|---|---|---|
| 005 | 20260312155846.0 | ||
| 008 | 260311s2026##################000#0#eng## | ||
| 020 | _a9788179931257 | ||
| 041 | _aEng | ||
| 082 | 0 | 4 | _a339.460950917 ISL |
| 100 | _aIslam, Nurul | ||
| 245 | 1 | 0 |
_aReducing Rural Poverty in Asia _bChallenges and Opportuitiea for Microenterprises and Public Employment Schemes |
| 260 |
_aNew York _bFood Product Press _c2006 |
||
| 300 |
_axxiv, 374 p. ill., _c21 cm. |
||
| 942 | _cENGLISH | ||
| 999 |
_c617504 _d617504 |
||